• 首页
  • 本馆介绍
  • 公告通知
  • 最新文献
  • 馆藏检索
  • 电子资源
  • 读者导购
  • 参考咨询
  • 我的图书馆
  • 登录
  • 详细信息显示
  • 放入我的书架
  • 预约/预借图书
  • 作者相关作品
  • 分类相关作品
  • 丛书相关作品
  • 出版社相关作品

书目信息

  • 表格格式
  • 工作单格式
  • 卡片格式
题名:
党的工作中的社会心理学和教育学
    
 
作者: ;史民德 , 何得霖 译 ;苏共中央直属社科院社会心理学和教育学教研组 编写
分册:  
出版信息: 南宁   广西人民出版社  1986
页数: 220页
开本: 20cm
丛书名:
单 册:
中图分类: D261.1
科图分类:
主题词: 中国共产党--思想政治教育 , 中国共产党--路线教育
电子资源:
ISBN:
000 00956nam0 2200265 45
001 0186003754
005 20050630082951.3
010    @dCNY1.35
091    @a3113.320
100    @a19951013d1986 em y0chiy0121 ea
101 1  @achi@crus
102    @aCN@b450000
105    @ay z 000yy
200 10 @a党的工作中的社会心理学和教育学@Adang de gong zuo zhong de she xin li xue he jiao yu xue@f苏共中央直属社科院社会心理学和教育学教研组编写@FSu Gong Zhong Yang Zhi Shu She Ke Yuan She Hui Xin Li Xue He Jiao Yu XueJiao Yan Zu Bian Xie@g史民德,何得霖译
210    @a南宁@c广西人民出版社@d1986
215    @a220页@d20cm
606 0  @a中国共产党@x思想政治教育
606 0  @a中国共产党@x路线教育
690    @aD261.1@v3
702  0 @a史民德@4译@Ashi min de
702  0 @a何得霖@4译@Ahe dei lin
711 02 @a苏共中央直属社科院社会心理学和教育学教研组@4编写
801  0 @aCN@b深圳图书馆@c20050629
801  2 @aCN@bNLC@c20050629
905    @f1@b253338@dD261.1@e47
    
    党的工作中的社会心理学和教育学/苏共中央直属社科院社会心理学和教育学教研组编写/史民德,何得霖译.-南宁:广西人民出版社,1986
    220页;20cm
    
    
    ISBN :CNY1.35
    
●
相关链接 在E读中查询图书 在五车中查询图书 在当当中查询图书 在豆瓣中查询图书


正题名:党的工作中的社会心理学和教育学     索取号:D261.1/47         预约/预借

序号 登录号 条形码 馆藏地/架位号 状态 备注
1 0253338   000383454   第一样本阅览室/ [索取号:D261.1/47] 在馆    
唐山师范学院图书馆 欢迎您!
大连网信软件有限公司© 版权所有